Nghiên cứu thực tế và đề xuất giải pháp giúp nâng cao nhận thức của sinh viên sư phạm về giáo dục môi trường tại Khoa Sư phạm, Đại học Cần Thơ : Báo cáo tổng kết đề tài khoa học và công nghệ cấp Trường

Nghiên cứu thực tế và đề xuất giải pháp giúp nâng cao nhận thức của sinh viên sư phạm về giáo dục môi trường tại Khoa Sư phạm, Đại học Cần Thơ

Đã lưu trong:
Bibliografiske detaljer
Hovedforfatter: Phạm, Hồng Mơ
Format: Bog
Sprog:Undetermined
Udgivet: Cần Thơ Trường Đại học Cần Thơ 2013
Fag:
Tags: Tilføj Tag
Ingen Tags, Vær først til at tagge denne postø!
Thư viện lưu trữ: Trung tâm Học liệu Trường Đại học Cần Thơ
LEADER 01311nam a2200229Ia 4500
001 CTU_203472
008 210402s9999 xx 000 0 und d
082 |a 378 
082 |b M460 
088 |a TSV2013-19 
100 |a Phạm, Hồng Mơ 
245 0 |a Nghiên cứu thực tế và đề xuất giải pháp giúp nâng cao nhận thức của sinh viên sư phạm về giáo dục môi trường tại Khoa Sư phạm, Đại học Cần Thơ : 
245 0 |b Báo cáo tổng kết đề tài khoa học và công nghệ cấp Trường 
245 0 |c Phạm Hồng Mơ (chủ nhiệm đề tài) ; Lê Văn Nhương (cán bộ hướng dẫn) ; Phạm Thị Ngọc Bích ... [et al.] (tham gia thực hiện) 
260 |a Cần Thơ 
260 |b Trường Đại học Cần Thơ 
260 |c 2013 
520 |a Nghiên cứu thực tế và đề xuất giải pháp giúp nâng cao nhận thức của sinh viên sư phạm về giáo dục môi trường tại Khoa Sư phạm, Đại học Cần Thơ 
650 |a Universities and colleges,Đại học và cao đẳng 
904 |i Nguyên 
915 |a SP 
980 |a Trung tâm Học liệu Trường Đại học Cần Thơ